000 00324nam a2200133Ia 4500
005 20250430053030.0
008 240331s9999 xx 000 0 und d
082 _bVIT
_a891
245 0 _aWitharkaya
260 _aSri Lanaka
_bPratheepa Publishers
_c1985
300 _a84 p .,
700 _aSanskruthika ha .
_eedt
942 _cL
999 _c4931
_d4931